000 01037nas a2200325 4500
001 BR2011002430
003 BR-BrBNA
005 20231205115318.0
007 ta
008 230509b bl.|||p| |||| 00| 00por d
040 _aBR-BrBNA
_bpor
_cBiblioteca Nacional de Agricultura
041 _a(Pt)
072 _aF04
100 1 _aBlank, A.F.
100 1 _aArrigoni-Blank, M. de F.
100 1 _aAmancio, V.F.
100 1 _aMendonça, M. da C.
100 1 _aSantana Filho, L.G.M. de
245 1 _aDensidades de plantio e doses de biofertilizante na produção de capim-limão
246 1 _aDensity and biofertilizer levels for lemon grass production
650 _aCAPIM LIMÃO
650 _aPLANTA MEDICINAL
650 _aADUBAÇÃO
650 _aBIOFERTILIZANTE
650 _aDENSIDADE DE PLANTIO
650 _aPRODUÇÃO VEGETAL
773 0 _tHorticultura Brasileira (Brazil)
_xISSN 0102-0536
_g(Jul-Sep 2007), v. 25(3) p. 343-349
_wBR2011002430
909 _a202311
_bLúcia
_c55
_dLúcia Elande
942 _2AGRIS
_n0
_cANA
999 _c213160
_d213160